Quizzes
Events
Quiz Creation
Community
Videos
Private Events
Remove Ads
Sign In
Join for FREE
Feedback
Dark Mode
Quiz Categories
Sports
Geography
Music
Movies
Television
Just For Fun
Miscellaneous
History
Literature
Language
Science
Gaming
Entertainment
Religion
Holiday
For Kids
Quiz Lab
Recent
Popular Today
Quiz Kudos Today
Editor Picks
Curator Picks
Quizzes by...
Day
Popularity
Type
Ratings
Length
Year
Community
Subscriptions
Recent Discussions
Orange Saloon
Badges
Playlists
Quests
Create
Leaderboards
Showdown
Live 5
Trivia Bingo
Activity
Puzzle Library
Sporcle Events
Private Events
Virtual Trivia
Globe League
Become a Host
Pub Owners
SporcleCon
Opinionation
Our Games
Videos
Blog
Mobile Apps
Partnerships
Remove Ads and Go Orange
Feedback
Just For Fun
Clickable
Get the Picture
Humor
Quick Pick
Word Ladder
Missing Word
Mixed Word
Blitz
Minefield
This or That
Alphabet
Color
Typing
Sporcle
Puzzle
Word Play
Follow That Line
Logic
Just For Fun
Clickable
Get the Picture
Humor
Quick Pick
Word Ladder
Missing Word
Mixed Word
Blitz
Minefield
This or That
Alphabet
Color
Typing
Sporcle
Puzzle
Word Play
Follow That Line
Logic
Random Quiz
Search Sporcle
×
Quiz Lab
Quiz Lab
Just For Fun
Morning Musume
Type in answers that appear in a list
Type in answers that appear in a list
Classic
Best Score? Go Orange.
Morning Musume Singles Stats
Can you name the Morning Musume Singles?
By
TanakaReinaful
6m
52 Questions
56 Plays
56 Plays
56 Plays
Comments
Comments
Give Quiz Kudos
Give Quiz Kudos
-
- Ratings
hide this ad
Replay
Link that replays current quiz
Next Quiz
Link to next quiz in quiz playlist
You Got
0%
They Got
Avg Score
56%
Avg Friend Score
Upgrade to see
Score Distribution
Jump to the score distribution portion of the page
Score
0/52
Timer
06:00
0
Plays Today
% Correct
Morning Coffee
91.1%
Love Machine
80.4%
Shabondama
76.8%
The Peace!
75%
One Two Three
75%
Happy Summer Wedding
73.2%
Renai Revolution 21
71.4%
Help Me!!
71.4%
Koi no Dance Site
69.6%
Osaka Koi no Uta
69.6%
Summer Night Town
67.9%
The Manpower!
67.9%
Only You
67.9%
Renai Hunter
67.9%
Daite Hold on Me
66.1%
Seishun Collection
66.1%
Maji Desu ka ska!
66.1%
Wakuteka Take a Chance
64.3%
Furusato
62.5%
Joshi Kashimashi Monogatari
62.5%
Onna to Otoko no Lullaby Game
62.5%
I Wish
60.7%
Aruiteru
60.7%
Egao Yes Nude
60.7%
Kanashimi Twilight
60.7%
Kimagure Princess
60.7%
% Correct
Nanchatte Renai
58.9%
Do it! Now
57.1%
Iroppoi Jirettai
57.1%
Souda We're Alive
55.4%
Onna ni Sachi Are
55.4%
Resonant Blue
53.6%
Pyoco Pyoco Ultra
53.6%
Memory Seishun no Hikari
51.8%
Shouganai Yume Oibito
50%
Mikan
48.2%
Naichau Kamo
48.2%
Manatsu no Kousen
46.4%
Mr Moonlight ~Ai no Big Band~
46.4%
Go Girl Koi no Victory
46.4%
As For One Day
44.6%
Pepper Keibu
44.6%
Roman ~My Dear Boy~
42.9%
Onna ga Medatte Naze Ikenai
42.9%
Koko ni Iruzee
41.1%
Morning Musume no Hyokkori Hyoutanjima
41.1%
Ai Araba It's All Right
39.3%
Namida ga Tomaranai Houkago
39.3%
Sexy Boy ~Soyokaze ni Yorisotte~
33.9%
Ambitious ~Yashinteki de Iijan!~
28.6%
Kono Chikyuu no Heiwa wo Honki ga Negatterun dayo
25%
Chokkan 2 ~Nogashita Sakana wa Ookizo!~
16.1%
Quiz Playlist
Details
Report
Send in Message
Add To Playlist
Classic:
Type in answers that appear in a list
Last Updated: Feb 16, 2017
Quiz Scoreboard
CHALLENGE
Sign Up to Join the Scoreboard
Show All
Scores
Hide
Comments
May contain spoilers
Recently Published
Presidents Visiting Landmarks
by Hejman
History
7m
An Introduction to Baseball
by treessimontrees
Sports
5m
Movies - When Are They Set?
by FPL_Elf
Movies
5m
More to Explore
Quiz From the Vault
Featured Blog Post
Where Did the Easter Bunny Come From?
hide this ad
You Might Also Like...
Tags
Morning Musume
Today's Top Quizzes in Just For Fun
Browse Just For Fun
hide this ad
Top Contributed Quizzes in Just For Fun
1
Spring Typing Challenge
2
Killer Double Trees 224 - Colour Match-Up
3
Crossword Whiteout! 49
4
Zeroing In: Just For Fun
5
Harry Potter Logic - 'In Chains' II
6
Survivor Winners Logic Puzzle
7
Word Ladder: Ahoy Matey
8
Kyle's 122nd Triple Trees
9
Edinburgh Fringe jokes 2015
10
Word Ladder: Wilderness Weapon
Explore More
Trending Topics
Marvel
Harry Potter
Anime
Kpop
Crossword
Disney
NBA
Pokémon
NFL
Song
WWE
Puzzle
Soccer
The Office
Country
hide this ad
More By:
TanakaReinaful
Quiz
Plays
Rating
Category
Featured
Created
Oldest-Youngest Morning Musume Members
1,587
5.00
Just For Fun
Jun 1, 2012
Morning Musume Singles
56
4.00
Just For Fun
Dec 22, 2012
Go to Creator's Profile
Score Distribution
Quiz Creator Spotlight
TanakaReinaful
Follow
Send a Message
Quizzes Created
-
Created Quiz Play Count
-
More By This Creator
Popular Quizzes Today
1
Find the US States - No Outlines Minefield
2
Find the Countries of Europe - No Outlines Minefield
3
The Countries of the World
4
Find the US States
5
Popular People in 1961
6
US States
7
Risky Map Clicking: Biggest States A-Z
8
1-10 Letter E Words III
More Just For Fun Quizzes
Quick Pick: 15 Slices of Pi
Published
Trending Quizzes
Risky Map Clicking: Least Populous States A-Z
1-10 Letter G Words
1-10 Letter F Words
One Thing in Common: United Kingdom
Risky Map Clicking: Next State Alphabetically
Recently Updated
Leaping Animals
pecheneg
Reality TV Shows (A-Z)
bhenderson79
Rickey Henderson's Hall of Fame Teammates
pecheneg
Champions League XIs: Arsenal
pecheneg
Quick Pick: Celebrities in WWE's Hall of Fame
aduchscher
A-Z Keypad Blitz II
pecheneg
Multiple Oscar Actors
pecheneg
Mystery Phrase Blitz: Oscar 'Best Actors'
pecheneg
F. Scott Fitzgerald Novels
LTH
Pick 3 Villains
ddd62291
Trending Topics
Harry Potter
Anime
NBA
Disney
Kpop
Marvel
Crossword
Song
Soccer
Country
Pokémon
NFL
Puzzle
WWE
The Office
Your Account Isn't Verified!
In order to create a playlist on Sporcle, you need to verify the email address you used during registration. Go to your
Sporcle Settings
to finish the process.
Report this User
Report this user for behavior that violates our
Community Guidelines
.
Details:
Send Report
Go to the Sporcle.com Mobile Site →
Comments